000 00301nam a22001217a 4500
008 170714b xxu||||| |||| 00| 0 eng d
041 _aeng
080 _a101
100 _a24
101 _aFJA
245 _aMEDITATIONS AND SELECTIONS FROM THE PRINCIPLES OF PHILOSOPHY
_cDESCARTES,R
942 _2udc
_cBK
999 _c20681
_d20681